| 000 | 00875nam a22002537a 4500 | ||
|---|---|---|---|
| 999 |
_c12731 _d12731 |
||
| 003 | AR-CdUCM | ||
| 008 | 190410b ||||| |||| 00| 0 spa d | ||
| 040 |
_aMUNICIPALIDAD PROVINCIAL DEL CUSCO _cBIBLIOTECA MUNICIPAL DEL CUSCO |
||
| 082 |
_aEP / 803 / _bAR76 |
||
| 100 |
_aArone Huamani, Ricardo _929580 |
||
| 245 |
_aWillakuyninchik : _b5° , 6° ñiqikunapaq 2009 wata - Ayacucho / |
||
| 260 |
_aAyacucho : _bUnicef, _c2009. |
||
| 300 |
_a64 paginas ; _bIlustraciones, Graficos, Dibujos, _c21 cm. |
||
| 500 | _aTexto educativo para niños en quechua | ||
| 650 |
_aTexto educativo _925832 |
||
| 650 |
_aHistoria _9136 |
||
| 650 |
_aCuentos _9217 |
||
| 650 |
_aQuechua _92063 |
||
| 700 |
_aPariona Cardenas, Juan _930752 |
||
| 700 |
_aPalomino Villanueva, Herminio _930753 |
||
| 700 |
_aSoto Yupanqui, Abilio _930754 |
||
| 942 |
_2ddc _cLIBROS |
||
| 945 |
_apjha _d2019-04-10 |
||